Score 0/21 Timer 05:00
1 Play Today
Question Answer Wrong Answers
Orange
99.5%
Lime
0.2%
Banana
0.1%
Cantaloupe
0.2%
Apple
99.3%
Fig
0.1%
Mangosteen
0.2%
Cherry
0.2%
Kiwi
98.5%
Banana
0.2%
Pear
0.2%
Rambutan
0.2%
Watermelon
98%
Kiwi
0.1%
Plum
0.1%
Apple
0.1%
Banana
97.8%
Cherry
0.1%
Mango
0.1%
Jackfruit
0.1%
Grape
96.9%
Banana
0.1%
Lychee
0.1%
Cherry
0.2%
Cherry
96.8%
Kumquat
0.1%
Fig
0.2%
Grape
0.5%
Pear
96.4%
Apple
0.4%
Kiwi
0.2%
Banana
0.1%
Lime
95.5%
Lemon
1.1%
Orange
0.1%
Kumquat
0.4%
Plum
95.2%
Apple
0.2%
Fig
1.5%
Pear
0.9%
Cantaloupe
94.7%
Durian
1%
Grape
0.3%
Watermelon
2.5%
Dragon Fruit
93.7%
Durian
1.7%
Jackfruit
2%
Lime
0.1%
Lemon
93%
Lime
4.3%
Cantaloupe
0.1%
Rambutan
0.2%
Mango
93%
Orange
0.1%
Pear
2.9%
Lychee
1.4%
Mangosteen
86.8%
Mango
0.3%
Lychee
9.9%
Lemon
0.2%
Kumquats
82%
Orange
2.5%
Mangosteen
13.7%
Banana
0.1%
Fig
80.4%
Rambutan
15.6%
Apple
0.1%
Dragon Fruit
1.2%
Lychee
78.8%
Rambutan
8.5%
Jackfruit
10.3%
Cantaloupe
1.1%
Rambutan
73.2%
Lychee
11.9%
Durian
6.1%
Jackfruit
5.9%
Jackfruit
71.4%
Fig
3.3%
Lime
0.2%
Dragon Fruit
23.1%
Durian
64.2%
Fig
5.6%
Mango
0.5%
Dragon Fruit
29.2%
Remove Ads.
Support Sporcle.
Get the best of Sporcle when you Go Orange. This ad-free experience offers more features, more stats, and more fun while also helping to support Sporcle. Thank you for becoming a member.

You're not logged in!

Compare scores with friends on all Sporcle quizzes.
OR
Log In

Show Comments

Extras

Top Quizzes Today


Score Distribution

Your Account Isn't Verified!

In order to create a playlist on Sporcle, you need to verify the email address you used during registration. Go to your Sporcle Settings to finish the process.

Report this User

Report this user for behavior that violates our Community Guidelines.

Details: